• 首页
  • 本馆介绍
  • 公告通知
  • 最新文献
  • 馆藏检索
  • 电子资源
  • 读者导购
  • 参考咨询
  • 我的图书馆
  • 登录
  • 详细信息显示
  • 放入我的书架
  • 预约/预借图书
  • 作者相关作品
  • 分类相关作品
  • 丛书相关作品
  • 出版社相关作品

书目信息

  • 表格格式
  • 工作单格式
  • 卡片格式
题名:
煤炭企业精益管理模式研究
    
 
作者: 邢茂俭 编
分册:  
出版信息: 北京   煤炭工业出版社  2011.07
页数: 239页
开本: 26cm
丛书名:
单 册:
中图分类: F407.216
科图分类:
主题词: 煤炭企业
电子资源:
ISBN: 978-7-5020-3847-2
000 00912nam0 2200229 45
001 512
005 20120531161031.59
010    @a978-7-5020-3847-2@dCNY42.00
100    @a20120328d2011 ekmy0chiy0120 ea
101 0  @achi
102    @aCN@b110000
105    @aa z 000yy
106    @ar
200 1  @a煤炭企业精益管理模式研究@AMei Tan Qi Ye Jing Yi Guan Li Mo Shi Yan Jiu@f邢茂俭编@FXing Mao Jian Bian
210    @a北京@c煤炭工业出版社@d2011.07
215    @a239页@d26cm
330    @a本书在吸收西方精益生产管理合理内涵的基础上,立足于煤炭采掘产业特点,以系统科学管理理论为指导,建立煤炭企业全面精益化的系统管理理论。本书共分11章,主要包括煤炭企业精益管理概述,煤炭企业人本管理模式,煤炭企业生产、安全、物流、成本、设备、财务和人力资源精益化管理等。
606 0  @a煤炭企业
690    @aF407.216@v4
701  0 @a邢茂俭@AXing Mao Jian@4编
801  0 @aCN@bTSTCL@c20120328
905    @b0813804-10@dF407.216@e206@f7
    
    煤炭企业精益管理模式研究/邢茂俭编.-北京:煤炭工业出版社,2011.07
    239页;26cm
    
    
    ISBN 978-7-5020-3847-2:CNY42.00
    本书在吸收西方精益生产管理合理内涵的基础上,立足于煤炭采掘产业特点,以系统科学管理理论为指导,建立煤炭企业全面精益化的系统管理理论。本书共分11章,主要包括煤炭企业精益管理概述,煤炭企业人本管理模式,煤炭企业生产、安全、物流、成本、设备、财务和人力资源精益化管理等。
●
相关链接 在E读中查询图书 在五车中查询图书 在当当中查询图书 在豆瓣中查询图书


正题名:煤炭企业精益管理模式研究     索取号:F407.216/206         预约/预借

序号 登录号 条形码 馆藏地/架位号 状态 备注
1 0813804   208138040   第一样本阅览室/ [索取号:F407.216/206] 在馆    
2 0813805   208138059   第一借阅区/ [索取号:F407.216/206] 在馆    
3 0813806   208138068   第一借阅区/ [索取号:F407.216/206] 在馆    
4 0813807   208138077   第一借阅区/ [索取号:F407.216/206] 在馆    
5 0813808   208138086   第一借阅区/ [索取号:F407.216/206] 在馆    
6 0813809   208138095   第一借阅区/ [索取号:F407.216/206] 在馆    
7 0813810   208138102   第一借阅区/ [索取号:F407.216/206] 在馆    
唐山师范学院图书馆 欢迎您!
大连网信软件有限公司© 版权所有